000 00924nam a22002777a 4500
001 BR9405306
003 BR-BrBNA
005 20230928094302.0
007 ta
008 230509b bl.||||| |||| 00| 0 por d
040 _aBR-BrBNA
_bpor
_cBiblioteca Nacional de Agricultura
041 _a(Por)
072 _aU10
090 _ U10 BR9405306
100 1 _aCruz, E.R. da
110 1 _aEmpresa Brasileira de Pesquisa Agropecuaria, Brasilia, DF (Brasil). Depto. de Diretrizes e Metodos de Planejamento
_93841
111 1 _a1. Encontro de Pos-Graduacao da EMBRAPA
_cBrasilia, DF (Brazil)
_dJul 1975
245 1 _aBreve apresentacao de modelos para a determinacao de risco e incerteza associadas as culturas
260 3 _aBrasilia, DF (Brasil):
_c1975.
300 _a28 p.
500 _a11 ref.
650 _aEstatistica Agricola
650 _aModelo Matematico
909 _a202309
_bLucia
_c55
_dLucia Elande
942 _cBK
999 _c49856
_d49856